00479nam a2200157Ia 4500003000400000008004100004040001600045082001700061100002000078245009300098700001500191260006500206300000800271650002000279650002200299GCL140319s9999 xx 000 0 eng d aGCL / cGCL04a658.562bJ Q1 aGRYNA, FRANK M.10aQUALITY PLANNING AND ANALYSIS : FROM PRODUCT DEVELOPMENT THROUGH USE / cGRYNA, FRANK M.1 aJURAN,J.M. a[S.N] : bTATA MCGRAW - HILL PUBLISHING COMPANY LT ، c1995 a63404aQUALITY CONTROL04aQUALITY ASSURANCE